00416 a2200121 4500001001000000005001700010008004100027245007500068100002100143700002300164700002400187773008300211ART_4482520260410162005.0260409a 10aObservatorio de política Latin America's response to China and India1 aLederman, Daniel1 aOlarreaga, Marcelo1 aPerry, Guillermo E.0 tRevista de economía y estadísticag- Vol. XLV, Nº 1 (oct. 2007)wREV34359